Basic biomechanics of the musculoskeletal system / (رقم التسجيلة. 86391)

تفاصيل مارك
000 -الفاتح
حقل البيانات ثابتة الطول 02079cam a2200409 i 4500
001 - رقم الضبط
رقم الضبط 21764277
005 - وقت وتاريخ اخر تعامل مع التسجيلة
رقم الضبط 20241114132454.0
008 - عناصر البيانات ثابتة الطول - معلومات عامة
حقل البيانات ثابتة الطول 201016s2022 paua b 001 0 eng
010 ## - رقم ضبط مكتبة الكونجرس
رقم ضبط مكتبة الكونجرس 2020047106
020 ## - الرقم الدولى المعيارى للكتب
الرقم الدولى المعيارى للكتاب 9781975141981
Qualifying information (paperback)
040 ## - مصدر الفهرسة
وكالة الفهرسة الأصلية DNLM/DLC
لغة الفهرسة eng
قواعد الوصف rda
وكالة النسخ DLC
وكالة التعديل DLC
042 ## - رمز التحقق
رمز التحقق pcc
050 00 - رقم طلب مكتبة الكونجرس
رقم التصنيف QP303
رقم المادة .N57 2022
060 00 - رقم الطلب بالمكتبة الطبية الوطنية
رقم التصنيف WE 103
082 00 - رقم تصنيف ديوى العشرى
رقم التصنيف 612.7
رقم الطبعة 23
245 00 - بيان العنوان
العنوان Basic biomechanics of the musculoskeletal system /
بيان المسئوليه,etc [edited by] Margareta Nordin and Victor H. Frankel ; guest editors, Patrick A. Meere, Rajani Prashant Mullerpatan, Hans-Joachim Wilke ; editor & project manager, Dawn Leger.
250 ## - بيان الطبعة
بيان الطبعة Fifth edition.
264 #1 - النشر, التوزيع, ETC. (IMPRINT)
مكان الناشر او الموزع Philadelphia, PA :
اسم الناشر او الموزع Wolters Kluwer,
تاريخ النشر أو التوزيع [2022]
300 ## - الوصف المادى
التعداد xii, 499 pages :
تفاصيل ماديه اخرى للوعاء illustrations (some color) ;
أبعاد الوعاء 28 cm
336 ## -
-- text
-- txt
-- rdacontent
337 ## -
-- unmediated
-- n
-- rdamedia
338 ## -
-- volume
-- nc
-- rdacarrier
504 ## - تبصرة ببليوجرافية
تبصرة ببليوجرافية,الخ Includes bibliographical references and index.
520 ## - التبصرة الخاصة بالتعليق أو التلخيص
ملخص,الخ "It is with great pleasure that we present the Fifth Edition of Basic Biomechanics of the Musculoskeletal System (BBMS). BBMS is now translated to eight languages, from English to Cantonese, Dutch, Greek, Japanese, Korean, Portuguese, Spanish, and Taiwanese"--
-- Provided by publisher.
650 12 - المدخل الاضافى بالموضوع-مصطلح موضوعى
مصطلح موضوعي أو اسم جغرافي كعنصر مدخل Biomechanical Phenomena
9 (RLIN) 64178
650 22 - المدخل الاضافى بالموضوع-مصطلح موضوعى
مصطلح موضوعي أو اسم جغرافي كعنصر مدخل Musculoskeletal Physiological Phenomena
9 (RLIN) 19987
700 1# - المدخل الاضافى - اسم شخصى
الإسم الشخصى Nordin, Margareta,
الدور editor.
9 (RLIN) 19988
700 1# - المدخل الاضافى - اسم شخصى
الإسم الشخصى Frankel, Victor H.
الشكل الأكمل للاسم (Victor Hirsch),
التواريخ المصاحبة للاسم 1925-,
الدور editor.
9 (RLIN) 19989
700 1# - المدخل الاضافى - اسم شخصى
الإسم الشخصى Meere, Patrick A.,
العنوان والكلمات الأخرى المصاحبة للاسم MD,
الدور editor.
9 (RLIN) 118810
700 1# - المدخل الاضافى - اسم شخصى
الإسم الشخصى Mullerpatan, Rajani Prashant,
الدور editor.
9 (RLIN) 118811
700 1# - المدخل الاضافى - اسم شخصى
الإسم الشخصى Wilke, Hans-Joachim
العنوان والكلمات الأخرى المصاحبة للاسم (Professor for biomechanics),
الدور editor.
9 (RLIN) 118812
700 1# - المدخل الاضافى - اسم شخصى
الإسم الشخصى Leger, Dawn,
الدور editor.
9 (RLIN) 118813
906 ## - عنصر بيانات محلى F, LDF (RLIN)
a 7
b cbc
c orignew
d 1
e ecip
f 20
g y-gencatlg
925 0# -
-- acquire
-- 1 shelf copy
-- policy default
955 ## - معلومات مستوى النسخة(RLIN)
-- xm08 2020-10-22
-- xm08 2020-10-22 TW situational
-- rl02 2023-07-28
-- rl02 2023-07-28 (Telework) to PresSrvs
985 ## -
-- DNLMCIP
-- 2020-10-16

لا توجد مواد متاحة.